Javandi ponnu (Record no. 214662)

MARC details
000 -LEADER
fixed length control field 00611nam a2200229Ia 4500
003 - CONTROL NUMBER IDENTIFIER
control field OSt
005 - DATE AND TIME OF LATEST TRANSACTION
control field 20250916151915.0
008 - FIXED-LENGTH DATA ELEMENTS--GENERAL INFORMATION
fixed length control field 210719s1986 xx 000 0 und d
040 ## - CATALOGING SOURCE
Transcribing agency AL
041 ## - LANGUAGE CODE
Language code of text/sound track or separate title Tulu
082 ## - DEWEY DECIMAL CLASSIFICATION NUMBER
Classification number T894.2 RAVJ
100 ## - MAIN ENTRY--PERSONAL NAME
Personal name RAV (P S)
Dates associated with a name ರಾವ್ (ಪಿ ಎಸ್ )
9 (RLIN) 238845
245 ## - TITLE STATEMENT
Title Javandi ponnu
Remainder of title ಜವಂದಿ ಪೊಣ್ಣು
250 ## - EDITION STATEMENT
Edition statement 2
260 ## - PUBLICATION, DISTRIBUTION, ETC.
Place of publication, distribution, etc. Mangaluru
Name of publisher, distributor, etc. Sahodara Kala Vranda
Date of publication, distribution, etc. 1986
300 ## - PHYSICAL DESCRIPTION
Extent 70
Other physical details PB
365 ## - TRADE PRICE
Price amount 5
Currency code Rs
650 ## - SUBJECT ADDED ENTRY--TOPICAL TERM
Topical term or geographic name entry element Tulu Drama
9 (RLIN) 238846
650 ## - SUBJECT ADDED ENTRY--TOPICAL TERM
Topical term or geographic name entry element Tulu Drama
9 (RLIN) 238846
906 ## - LOCAL DATA ELEMENT F, LDF (RLIN)
a 2 ; Ed ; Javandi ; ponnu
942 ## - ADDED ENTRY ELEMENTS (KOHA)
Source of classification or shelving scheme Dewey Decimal Classification
Koha item type Book
Holdings
Withdrawn status Lost status Source of classification or shelving scheme Damaged status Not for loan Collection code Home library Current library Shelving location Date acquired Cost, normal purchase price Total Checkouts Full call number Barcode Date last seen Price effective from Koha item type Public note
    Dewey Decimal Classification     Tulu St Aloysius Library St Aloysius Library Secondary stack section 05/28/2008 5.00   T894.2 RAVJ D03276 07/19/2021 07/19/2021 Donated Books Donated by Dr Mahalinga Bhat